000 00537nam a2200193Ia 4500
003 GCL
008 140319s9999 xx 000 0 eng d
040 _aGCL /
_cGCL
082 0 4 _a796.01
_bW A
100 1 _aWILLIAMS, JEAN M.
245 1 0 _aAPPLIED SPORT PHSYCHOLOGY: PERSONAL GROWTH TO PEAK PERFORMANCE /
_cWILLIAMS, JEAN M.
260 _a[S.N] :
_bMAYFIELD PUBLISHING COMPANY ،
_c1992
300 _a383 P
650 0 4 _aCOACHING
650 0 4 _aATHLETICS
650 0 4 _aSPORTS
650 0 4 _aPSYCHOLOGICAL ASPECTS
942 _2ddc
_cBK
999 _c23645
_d23645